[Event "FRA-chT1 0910"]
[Site "France"]
[Date "2009.10.17"]
[Round "2.6"]
[White "Kerbrat, Julien"]
[Black "Boursier, Julien"]
[Result "1-0"]
[WhiteElo "2187"]
[BlackElo "2102"]
[PlyCount "109"]
[EventDate "2009.09.27"]
[EventType "team-match"]
[EventRounds "11"]
[EventCountry "FRA"]
[SourceDate "2009.07.26"]

1. e4 e6 2. d3 d5 3. Nd2 Nc6 4. Ngf3 Bc5 5. c3 dxe4 6. dxe4 Nf6 7. Bb5 Bd7 8.
O-O a6 9. Bd3 Qe7 10. Qe2 e5 11. Nc4 Bg4 12. Be3 O-O 13. Rad1 Rfd8 14. Bg5 Qe6
15. Ne3 Bxe3 16. Bxe3 Bxf3 17. Qxf3 Qxa2 18. Qe2 Qe6 19. Bc4 Qe7 20. f3 Rxd1
21. Rxd1 Rd8 22. b4 Rxd1+ 23. Qxd1 Qd8 24. Qe2 b5 25. Bb3 Ne8 26. Bc5 Nd6 27.
Qa2 Qh4 28. g3 Qh6 29. Qxa6 Qc1+ 30. Kg2 Qb2+ 31. Kh3 h6 32. Qxc6 Qxb3 33. Qxc7
Qe6+ 34. g4 Nc4 35. Qb8+ Kh7 36. Qxb5 Qf6 37. Kg2 Nd2 38. Qd3 Nb3 39. Be3 Qe6
40. Qd5 Qa6 41. Qxb3 Qe2+ 42. Bf2 h5 43. Qxf7 hxg4 44. Qh5+ Kg8 45. Qxg4 Qc4
46. Qg6 Qxc3 47. Qe8+ Kh7 48. b5 g5 49. b6 g4 50. Qh5+ Kg7 51. Qxg4+ Kh6 52. b7
Qb2 53. Qc8 Kg5 54. h4+ Kf4 55. Qf5# 1-0

[Event "FRA-chT1 0910"]
[Site "France"]
[Date "2009.10.18"]
[Round "3.5"]
[White "Pellisseri, Michel"]
[Black "Brailly Vignal, Bastien"]
[Result "0-1"]
[WhiteElo "2100"]
[BlackElo "2166"]
[PlyCount "82"]
[EventDate "2009.09.27"]
[EventType "team-match"]
[EventRounds "11"]
[EventCountry "FRA"]
[SourceDate "2009.07.26"]

1. d4 Nf6 2. c4 e6 3. Nc3 Bb4 4. e3 O-O 5. Nge2 c5 6. a3 Bxc3+ 7. Nxc3 b6 8. d5
d6 9. e4 exd5 10. exd5 Re8+ 11. Be2 Nbd7 12. O-O Ne5 13. h3 a6 14. a4 Rb8 15.
Bf4 Bf5 16. Re1 Ng6 17. Bg3 Ne4 18. Nxe4 Rxe4 19. Bf1 Rxe1 20. Qxe1 f6 21. Qd2
Ne5 22. Re1 Qd7 23. b3 Re8 24. Kh1 Re7 25. Bh2 Qe8 26. Qc3 Kf8 27. a5 b5 28.
cxb5 axb5 29. f4 b4 30. Qa1 Nd7 31. Rxe7 Qxe7 32. a6 Nb6 33. a7 Na8 34. Bb5 Qe4
35. Bc6 Bxh3 36. Qf1 Nc7 37. a8=Q+ Nxa8 38. Bxa8 c4 39. f5 cxb3 40. Bxd6+ Kf7
41. Be5 fxe5 0-1

[Event "FRA-chT1 0910"]
[Site "France"]
[Date "2009.10.18"]
[Round "3.1"]
[White "Sulava, Nenad"]
[Black "Georgiev, Vladimir"]
[Result "1-0"]
[WhiteElo "2540"]
[BlackElo "2537"]
[PlyCount "92"]
[EventDate "2009.09.27"]
[EventType "team-match"]
[EventRounds "11"]
[EventCountry "FRA"]
[SourceDate "2009.07.26"]
[WhiteTeam "La Tour Hyéroise"]
[BlackTeam "Mulhouse"]

1. d4 Nf6 2. c4 e6 3. Nf3 d5 4. Nc3 c6 5. Bg5 Be7 6. e3 O-O 7. Bd3 Nbd7 8. O-O
h6 9. Bh4 dxc4 10. Bxc4 b5 11. Bd3 Bb7 12. Rc1 a6 13. a4 Rc8 14. Qe2 Nd5 ({RR} 
14... Qa5 15. e4 b4 16. Nb1 Rfe8 17. Nbd2 Rcd8 18. Nc4 Qc7 19. e5 Nd5 20. Bxe7
Rxe7 21. Qe4 Nf8 22. Nd6 f5 23. Qe2 Qb6 24. Bc4 a5 25. Rfd1 Ng6 26. g3 Rc7 27.
h4 Nge7 28. Nd2 Qxd4 29. Nb3 {Ruck,R (2572)-Huzman,A (2595)/Panormo 2002/CBM
090 ext/1-0 (47)}) ({RR} 14... b4 15. Bxf6 Nxf6 16. Ne4 Nxe4 17. Bxe4 Bd6 18.
Rc2 Qa5 19. b3 f5 20. Bd3 c5 21. Bc4 Rf6 22. dxc5 Rxc5 23. Rd2 Bb8 24. Rfd1 Kh7
25. Rd7 Rc7 26. Rd8 Rc8 27. Rxc8 Bxc8 28. e4 Bb7 29. exf5 {Halkias,S (2566)
-Houska,J (2401)/Caleta 2010/Mega2010 Update 08/1-0 (37)}) 15. Bxe7 Nxc3 16.
Bh7+ $5 $146 ({RR} 16. bxc3 Qxe7 17. Nd2 e5 18. Bf5 Rcd8 19. Bxd7 Rxd7 20. Nb3
Rd6 21. Nc5 Bc8 22. Rce1 Re8 23. Qd2 Be6 24. f4 Bc4 25. fxe5 Qxe5 26. Rf2 Qg5
27. e4 Qxd2 28. Rxd2 f6 29. Rb2 Ra8 30. a5 Rb8 {Atalik,S (2598)-Jonkman,H 
(2421)/Groningen 1999/CBM 073 ext/1-0 (45)}) ({RR} 16. Rxc3 Qxe7 17. Rfc1 g6
18. Be4 Qd6 19. axb5 axb5 20. Qc2 Rc7 21. Nd2 Rfc8 22. Nb3 b4 23. Rd3 Ba6 24.
Rdd1 Bb5 25. Nc5 Nxc5 26. dxc5 Qe5 27. Rd4 Ra7 28. Rxb4 Rd8 29. h3 Rad7 30. Bf3
Rd2 {Bischoff,K (2550)-Glienke,M (2395)/Bremen 1998/CBM 068/1/2-1/2 (46)})
16... Kh8 17. bxc3 Qxe7 18. Bc2 e5 19. Bf5 e4 {[%csl Rb7]} 20. Nd2 c5 {[%csl
Gb7]} 21. axb5 axb5 22. Qxb5 Bc6 23. Qe2 Rb8 24. Rb1 g6 25. Bxd7 Qxd7 26. h3
cxd4 27. exd4 Rxb1 28. Rxb1 f5 29. Nc4 (29. Rb6) 29... Bb5 30. Ne5 Bxe2 31.
Nxd7 Rc8 32. Rb7 $36 {[%csl Gb7][%cal Gd7f6,Gb7h7] Menaçant mat en 2!} Kg8 33.
Ne5 g5 34. Ng6 Rxc3 35. Ne7+ Kf8 36. Nxf5 Rd3 37. Kh2 Rd2 38. Rb6 h5 39. Rb8+
Kf7 40. Nd6+ Ke6 41. Nxe4 Rxd4 42. Rb6+ Ke5 43. Nxg5 Kf5 44. Ne6 Re4 $2 (44...
Rd7) 45. Ng7+ Kg5 46. g3 h4 1-0

[Event "FRA-chT1 0910"]
[Site "France"]
[Date "2009.10.18"]
[Round "3.2"]
[White "Riff, Vincent"]
[Black "Libiszewski, Fabien"]
[Result "1-0"]
[WhiteElo "2327"]
[BlackElo "2535"]
[PlyCount "87"]
[EventDate "2009.09.27"]
[EventType "team-match"]
[EventRounds "11"]
[EventCountry "FRA"]
[SourceDate "2009.07.26"]

1. e4 c5 2. Nf3 Nc6 3. d4 cxd4 4. Nxd4 e5 5. Nb5 d6 6. N1c3 a6 7. Na3 b5 8. Nd5
Nge7 9. c4 Nd4 10. Be3 Nxd5 11. cxd5 f5 12. Nc2 Nxc2+ 13. Qxc2 Bb7 14. Bd3 Be7
15. Qb3 f4 16. Bd2 O-O 17. Be2 Qb6 18. O-O Rfc8 19. Bc3 Bd8 20. a4 bxa4 21.
Qxa4 Bh4 22. Ra3 Rf8 23. Qa5 Qa7 24. Qc7 Rf6 25. Rb3 Rb8 26. Bxa6 Rf7 27. Qb6
Qa8 28. Qxd6 Be7 29. Qxe5 Bf6 30. Qe6 Bxa6 31. Rxb8+ Qxb8 32. Qxa6 f3 33. Ra1
Bxc3 34. bxc3 Qf4 35. Qe6 h6 36. gxf3 Kh7 37. Qg4 Qf6 38. Qf5+ Qxf5 39. exf5
Rc7 40. d6 Rxc3 41. d7 Rd3 42. Ra7 h5 43. h4 Kh6 44. f4 1-0

[Event "FRA-chT1 0910"]
[Site "France"]
[Date "2009.10.18"]
[Round "3.1"]
[White "Zharkov, Hleb"]
[Black "Istratescu, Andrei"]
[Result "0-1"]
[WhiteElo "2232"]
[BlackElo "2624"]
[PlyCount "68"]
[EventDate "2009.09.27"]
[EventType "team-match"]
[EventRounds "11"]
[EventCountry "FRA"]
[SourceDate "2009.07.26"]
[WhiteTeam "Montpellier"]
[BlackTeam "Belfort"]

1. d4 g6 2. e4 Bg7 3. Nf3 d6 4. Be2 Nf6 5. Nc3 O-O 6. O-O c6 7. a4 Qc7 8. Bf4
Nbd7 9. e5 Nh5 10. exd6 exd6 11. Be3 f5 12. d5 Ndf6 13. Ne1 Re8 14. Qd2 Ng4 15.
Bxg4 fxg4 16. Bd4 Bf8 17. Nd3 Bf5 18. Rfe1 c5 19. Be3 Qf7 20. Nf4 Nxf4 21. Bxf4
a6 22. g3 Qf6 23. Rad1 Bg7 24. Qc1 Qf8 25. Rd2 h6 26. Rde2 Rxe2 27. Rxe2 g5 28.
Bd2 Re8 29. Rxe8 Qxe8 30. a5 Bd4 31. Be3 Bxc3 32. bxc3 Qe4 33. Qd2 Kf7 34. c4
Qxc4 0-1

[Event "FRA-chT1 0910"]
[Site "France"]
[Date "2009.10.18"]
[Round "3.7"]
[White "Dacalor, Aurelie"]
[Black "Millon, Valentin"]
[Result "0-1"]
[WhiteElo "2028"]
[BlackElo "2082"]
[PlyCount "74"]
[EventDate "2009.09.27"]
[EventType "team-match"]
[EventRounds "11"]
[EventCountry "FRA"]
[SourceDate "2009.07.26"]

1. d4 Nf6 2. c4 e6 3. Nc3 Bb4 4. Bg5 h6 5. Bxf6 Qxf6 6. Rc1 O-O 7. Nf3 d6 8. e3
e5 9. Be2 Re8 10. Qa4 Bxc3+ 11. Rxc3 Bd7 12. Qb3 exd4 13. Nxd4 Nc6 14. Nb5 Rac8
15. O-O Qg5 16. f4 Qc5 17. Kf2 Bf5 18. Rd1 Be4 19. Bd3 Qh5 20. Kg1 b6 21. Rcc1
Qc5 22. Re1 a6 23. Na3 Nb4 24. Bb1 Re7 25. Nc2 Nd3 26. Nd4 Nxc1 27. Rxc1 Rce8
28. Bxe4 Rxe4 29. Rc3 Qh5 30. Nf3 Qg4 31. Nd2 R4e6 32. Kf2 Qh4+ 33. Kf3 Qxh2
34. Nf1 Qg1 35. Ng3 Qe1 36. Rd3 Rg6 37. Ne4 Qf1+ 0-1

[Event "FRA-chT1 0910"]
[Site "France"]
[Date "2009.10.18"]
[Round "3.3"]
[White "Ansell, Simon"]
[Black "Andonov, Bogomil"]
[Result "1-0"]
[WhiteElo "2380"]
[BlackElo "2294"]
[PlyCount "53"]
[EventDate "2009.09.27"]
[EventType "team-match"]
[EventRounds "11"]
[EventCountry "FRA"]
[SourceDate "2009.07.26"]

1. e4 d6 2. d4 Nf6 3. Nc3 c6 4. Nf3 Qa5 5. Bd3 e5 6. h3 Nbd7 7. O-O Be7 8. Rb1
O-O 9. b4 Qc7 10. Re1 Re8 11. Ne2 d5 12. Ng3 dxe4 13. Nxe4 exd4 14. Bg5 Nd5 15.
Qd2 Nf8 16. Bxe7 Rxe7 17. Nxd4 Ng6 18. c4 Ndf4 19. Bf1 Bd7 20. c5 Rae8 21. Nd6
Rxe1 22. Rxe1 Rxe1 23. Qxe1 b5 24. Qe4 Ne6 25. N4f5 Qd8 26. h4 Qf6 27. g3 {
suite illisible} 1-0

[Event "FRA-chT1 0910"]
[Site "France"]
[Date "2009.10.18"]
[Round "3.7"]
[White "Dubessay, Bastien"]
[Black "Buffe, Fabrice"]
[Result "1-0"]
[WhiteElo "2157"]
[BlackElo "2160"]
[PlyCount "75"]
[EventDate "2009.09.27"]
[EventType "team-match"]
[EventRounds "11"]
[EventCountry "FRA"]
[SourceDate "2009.07.26"]

1. d4 d5 2. c4 e6 3. Nc3 Nf6 4. cxd5 exd5 5. Bg5 c6 6. e3 Be7 7. Qc2 O-O 8. Bd3
Nbd7 9. Nf3 Re8 10. O-O Nf8 11. h3 Nh5 12. Bxe7 Qxe7 13. Rab1 a5 14. a3 Qf6 15.
Ne5 Qh6 16. Na4 g5 17. Nb6 Rb8 18. Nxc8 Rexc8 19. g4 Ng7 20. Kg2 Qe6 21. b4
axb4 22. axb4 f6 23. Nf3 b6 24. Rfe1 h5 25. gxh5 g4 26. Nh2 gxh3+ 27. Kh1 Rc7
28. Rg1 Kh8 29. Rg4 Ne8 30. h6 Nh7 31. Bf5 Qd6 32. Nf3 Qf8 33. Rbg1 Ng5 34. Nh4
Qxh6 35. f4 h2 36. R1g2 Nd6 37. fxg5 fxg5 38. Ng6+ 1-0

[Event "FRA-chT1 0910"]
[Site "France"]
[Date "2009.10.04"]
[Round "1.2"]
[White "Chomet, Pascal"]
[Black "Lagarde, Maxime"]
[Result "1/2-1/2"]
[WhiteElo "2333"]
[BlackElo "2398"]
[PlyCount "34"]
[EventDate "2009.09.27"]
[EventType "team-match"]
[EventRounds "11"]
[EventCountry "FRA"]
[SourceDate "2009.07.26"]
[WhiteTeam "Bois-Colombes"]

1. g3 c5 2. Bg2 Nc6 3. c4 g6 4. Nc3 Bg7 5. Nf3 Nh6 6. h4 d6 7. h5 Bg4 8. d3
gxh5 9. Ng5 Qd7 10. Nge4 Ng8 11. Nd5 O-O-O 12. Bg5 h6 13. Bh4 Nd4 14. Nec3 Kb8
15. Rb1 Nf5 16. Ne4 Nxh4 17. Rxh4 e5 {suite illisible} 1/2-1/2

[Event "FRA-chT1 0910"]
[Site "France"]
[Date "2009.10.04"]
[Round "1.5"]
[White "Bernard, Jacques"]
[Black "Stephan, Jean Marie"]
[Result "1/2-1/2"]
[WhiteElo "2231"]
[BlackElo "2248"]
[PlyCount "45"]
[EventDate "2009.09.27"]
[EventType "team-match"]
[EventRounds "11"]
[EventCountry "FRA"]
[SourceDate "2009.07.26"]

1. e4 c5 2. Nf3 d6 3. d4 cxd4 4. Nxd4 Nf6 5. Nc3 a6 6. Bg5 e6 7. Qd3 Nbd7 8.
O-O-O Qc7 9. f4 b5 10. a3 Rb8 11. Be2 b4 12. axb4 Rxb4 13. Bxf6 gxf6 14. Qh3
Nc5 15. f5 Qa5 16. Nc6 Qa1+ 17. Kd2 Qxb2 18. Rb1 Bh6+ 19. Qxh6 Nb3+ 20. Kd3
Nc5+ 21. Kd2 Nb3+ 22. Kd3 Nc5+ 23. Kd2 1/2-1/2

[Event "FRA-chT1 0910"]
[Site "France"]
[Date "2009.10.04"]
[Round "1.7"]
[White "Betton, Olivier"]
[Black "Lebreton, Flavien"]
[Result "0-1"]
[WhiteElo "2183"]
[BlackElo "2037"]
[PlyCount "24"]
[EventDate "2009.09.27"]
[EventType "team-match"]
[EventRounds "11"]
[EventCountry "FRA"]
[SourceDate "2009.07.26"]

1. c4 e5 2. g3 Nf6 3. Bg2 d5 4. cxd5 Nxd5 5. Nf3 Nc6 6. O-O Nb6 7. d3 Be7 8. a3
Be6 9. b4 e4 10. dxe4 Bf6 11. b5 Ne5 12. Nd4 Qxd4 0-1

[Event "FRA-chT1 0910"]
[Site "France"]
[Date "2009.10.04"]
[Round "1.1"]
[White "Roser, Kevin"]
[Black "Kulaots, Kaido"]
[Result "1/2-1/2"]
[WhiteElo "2433"]
[BlackElo "2584"]
[PlyCount "43"]
[EventDate "2009.09.27"]
[EventType "team-match"]
[EventRounds "11"]
[EventCountry "FRA"]
[SourceDate "2009.07.26"]
[WhiteTeam "Issy Les Moulineaux"]
[BlackTeam "Gif/yvette"]

1. e4 c5 2. Nf3 d6 3. d4 cxd4 4. Nxd4 Nf6 5. Nc3 a6 6. Be2 e5 7. Nb3 Be7 8. O-O
O-O 9. Be3 Be6 10. Qd2 Nbd7 11. a4 Nb6 12. a5 Nc4 13. Bxc4 Bxc4 14. Rfd1 Rc8
15. Nc1 d5 16. Bb6 Qe8 17. exd5 Bb4 18. d6 Bxc3 19. Qxc3 Be2 20. Nxe2 Rxc3 21.
Nxc3 Qc6 22. Rd2 1/2-1/2

[Event "FRA-chT1 0910"]
[Site "France"]
[Date "2009.10.04"]
[Round "1.2"]
[White "Saada, Julien"]
[Black "Alet, Jean Pierre"]
[Result "1-0"]
[WhiteElo "2328"]
[BlackElo "2205"]
[PlyCount "41"]
[EventDate "2009.09.27"]
[EventType "team-match"]
[EventRounds "11"]
[EventCountry "FRA"]
[SourceDate "2009.07.26"]

1. d4 Nf6 2. Bg5 d5 3. Bxf6 gxf6 4. e3 c5 5. c3 e6 6. Nd2 Nc6 7. Bd3 Bd7 8. Ne2
cxd4 9. exd4 Qc7 10. O-O Bd6 11. g3 h5 12. Rc1 h4 13. c4 dxc4 14. Nxc4 Rd8 15.
Be4 Qb8 16. Qb3 Bc7 17. Rfd1 hxg3 18. hxg3 f5 19. Bg2 f4 20. d5 Na5 21. Qc3 1-0

[Event "FRA-chT1 0910"]
[Site "France"]
[Date "2009.10.04"]
[Round "1.8"]
[White "Husson, Cybele"]
[Black "Bernard, Aurelie"]
[Result "1-0"]
[WhiteElo "2041"]
[BlackElo "1499"]
[PlyCount "45"]
[EventDate "2009.09.27"]
[EventType "team-match"]
[EventRounds "11"]
[EventCountry "FRA"]
[SourceDate "2009.07.26"]

1. e4 d5 2. exd5 e6 3. dxe6 fxe6 4. d4 Nc6 5. Bb5 Bd7 6. Nf3 Nf6 7. Qe2 Bd6 8.
Bg5 O-O 9. O-O e5 10. Bc4+ Kh8 11. dxe5 Bxe5 12. Nxe5 Be6 13. Bxe6 Nxe5 14.
Qxe5 Qe8 15. Nc3 c5 16. Rae1 b6 17. Nd5 Rd8 18. Nxf6 Qe7 19. Nh5 Rg8 20. Bxe7
Rde8 21. Bxg8 Rxg8 22. Bf8 Rxf8 23. Qxg7# 1-0

[Event "FRA-chT1 0910"]
[Site "France"]
[Date "2009.10.04"]
[Round "1.2"]
[White "Shirazi, Kamran "]
[Black "Rabeyrin, Jean Jacques"]
[Result "1-0"]
[WhiteElo "2433"]
[BlackElo "2269"]
[PlyCount "37"]
[EventDate "2009.09.27"]
[EventType "team-match"]
[EventRounds "11"]
[EventCountry "FRA"]
[SourceDate "2009.07.26"]

1. e4 c5 2. Nf3 d6 3. d4 cxd4 4. Nxd4 Nf6 5. Nc3 a6 6. f4 Qc7 7. Nf3 Nbd7 8.
Bd3 g6 9. Qe2 e6 10. e5 dxe5 11. fxe5 Ng4 12. Ne4 Ngxe5 13. Nxe5 Qxe5 14. Bd2
Qxb2 15. O-O Bc5+ 16. Nxc5 Nxc5 17. Qf2 Qe5 18. Qxf7+ Kd8 19. Ba5+ 1-0

[Event "FRA-chT1 0910"]
[Site "France"]
[Date "2009.10.04"]
[Round "1.4"]
[White "Babault, Patrice"]
[Black "Schabanel, Stephane"]
[Result "1/2-1/2"]
[WhiteElo "2366"]
[BlackElo "2254"]
[PlyCount "26"]
[EventDate "2009.09.27"]
[EventType "team-match"]
[EventRounds "11"]
[EventCountry "FRA"]
[SourceDate "2009.07.26"]

1. e4 e6 2. d4 d5 3. Nc3 Bb4 4. e5 c5 5. a3 Bxc3+ 6. bxc3 Ne7 7. Qg4 O-O 8. Bd3
Nbc6 9. Nf3 f5 10. exf6 Rxf6 11. Qh5 h6 12. O-O c4 13. Be2 Bd7 1/2-1/2

[Event "FRA-chT1 0910"]
[Site "France"]
[Date "2009.10.17"]
[Round "2.1"]
[White "Gharamian, Tigran"]
[Black "Pham Minh Hoang"]
[Result "1-0"]
[WhiteElo "2614"]
[BlackElo "2487"]
[PlyCount "55"]
[EventDate "2009.09.27"]
[EventType "team-match"]
[EventRounds "11"]
[EventCountry "FRA"]
[SourceDate "2009.07.26"]
[WhiteTeam "Cappelle"]
[BlackTeam "Sautron"]

1. e4 c5 2. Nf3 d6 3. d4 cxd4 4. Nxd4 Nf6 5. Nc3 a6 6. Be3 e5 7. Nb3 Be7 8. Qd2
Be6 9. O-O-O (9. f3 {la grande ligne}) 9... Nbd7 10. f4 Rc8 ({RR} 10... b5 11.
f5 Bc4 12. Kb1 Qc7 13. a3 Rd8 14. g4 h6 15. Qg2 Nb6 16. Bxb6 Qxb6 17. h4 h5 18.
g5 Ng4 19. Nd2 Ne3 20. Qg1 d5 21. Bxc4 dxc4 22. Nf1 Bc5 23. Nxe3 Bxe3 24. Rxd8+
Kxd8 25. Qd1+ {Wang Zili (2492)-Liu,Q (2438)/Hefei 2010/Mega2010 Update 23/1-0
(42)}) 11. Kb1 b5 12. h3 b4 (12... O-O $142) 13. Nd5 $1 Nxe4 14. Qxb4 Bxd5 15.
Rxd5 $16 Ng3 16. fxe5 dxe5 (16... Qc7) 17. Qa4 $1 Nxh1 18. Bb6 $44 Rc7 19. Bxa6
Qa8 20. Qa5 Ra7 21. Bxa7 Qxa7 22. Bc4 Qg1+ 23. Nc1 Qxg2 24. Qa7 O-O 25. Rxd7
Bc5 26. Qc7 Qg1 27. Rd5 Be3 28. Qxf7+ 1-0

[Event "FRA-chT1 0910"]
[Site "France"]
[Date "2009.10.17"]
[Round "2.2"]
[White "Tripoteau, Nicolas"]
[Black "Winants, Luc"]
[Result "1/2-1/2"]
[WhiteElo "2406"]
[BlackElo "2527"]
[PlyCount "71"]
[EventDate "2009.09.27"]
[EventType "team-match"]
[EventRounds "11"]
[EventCountry "FRA"]
[SourceDate "2009.07.26"]
[WhiteTeam "Sautron"]
[BlackTeam "Cappelle"]

1. d4 Nf6 2. c4 e6 3. Nc3 Bb4 4. Qc2 O-O 5. a3 Bxc3+ 6. Qxc3 d6 7. Bg5 Nbd7 8.
e3 c5 9. dxc5 Nxc5 10. Bxf6 Qxf6 11. Qxf6 gxf6 12. O-O-O $146 ({RR} 12. b4 Na4
13. O-O-O a5 14. Kc2 axb4 15. axb4 d5 16. e4 dxc4 17. Bxc4 {1/2-1/2 Gladyszev,
O (2420)-Vesselovsky,S (2445)/Kosice 1997/EXT 1999}) 12... b5 $1 13. f3 (13.
cxb5 Rd8 14. f3 Bd7 15. b4 (15. Rxd6 Rac8 $44)) 13... bxc4 14. Rxd6 Nb3+ 15.
Kc2 Na5 16. e4 Rb8 17. Nh3 Rb6 18. Rxb6 axb6 19. Kc3 (19. Nf4 $14) 19... Bd7
20. Nf4 Ba4 21. Nh5 f5 22. exf5 exf5 23. Nf6+ Kg7 24. Nd5 b5 25. Nb6 Rb8 26.
Kb4 Rxb6 27. Kxa5 Rb8 28. Be2 Rd8 29. Rb1 Rd2 30. Bf1 Kf6 31. f4 Rc2 32. b3
cxb3 33. Bxb5 Bxb5 34. Kxb5 b2 35. a4 Ke6 36. Kb6 1/2-1/2

[Event "FRA-chT1 0910"]
[Site "France"]
[Date "2009.10.17"]
[Round "2.3"]
[White "Jossien, Arnaud"]
[Black "Stephan, Victor"]
[Result "0-1"]
[WhiteElo "2382"]
[BlackElo "2227"]
[PlyCount "80"]
[EventDate "2009.09.27"]
[EventType "team-match"]
[EventRounds "11"]
[EventCountry "FRA"]
[SourceDate "2009.07.26"]

1. d4 Nf6 2. c4 c5 3. d5 b5 4. cxb5 a6 5. b6 e6 6. Nc3 Nxd5 7. Nxd5 exd5 8.
Qxd5 Nc6 9. Nf3 Rb8 10. Ne5 Qf6 11. Nxc6 dxc6 12. Qe4+ Be7 13. Bd2 Qxb2 14. Rb1
Qxa2 15. Bc3 f5 16. Qd3 c4 17. Qd1 O-O 18. e3 Rd8 19. Qc1 Be6 20. Be2 Ba3 21.
Ra1 Qxe2+ 22. Kxe2 Bxc1 23. Rhxc1 Rxb6 24. Rc2 Rd5 25. Ra4 f4 26. exf4 Bf5 27.
Rca2 Rb3 28. R2a3 Bd3+ 29. Ke1 Rb1+ 30. Kd2 Bf1+ 31. Kc2 Rdd1 32. Be5 c5 33.
Bb2 Bxg2 34. Rxc4 Bd5 35. Rca4 c4 36. Be5 Rbc1+ 37. Kb2 Be4 38. Rg3 g6 39. Rxa6
Rb1+ 40. Kc3 Rb3+ 0-1

[Event "FRA-chT1 0910"]
[Site "France"]
[Date "2009.10.17"]
[Round "2.5"]
[White "Jossien, Remy"]
[Black "Sorin, Baptiste"]
[Result "1-0"]
[WhiteElo "2264"]
[BlackElo "2219"]
[PlyCount "79"]
[EventDate "2009.09.27"]
[EventType "team-match"]
[EventRounds "11"]
[EventCountry "FRA"]
[SourceDate "2009.07.26"]

1. e4 c5 2. Nf3 d6 3. g3 Nc6 4. Bg2 g6 5. O-O Bg7 6. d3 e6 7. Nbd2 Nge7 8. Re1
O-O 9. Nf1 Rb8 10. c3 e5 11. Bd2 b5 12. Qc1 Re8 13. Bh6 Bh8 14. Qg5 a5 15. Qh4
d5 16. exd5 Nxd5 17. Ne3 Qxh4 18. Nxh4 Nde7 19. f4 exf4 20. Bxf4 Be5 21. Nd5
Bxf4 22. Nf6+ Kf8 23. Nxe8 Kxe8 24. gxf4 Kd8 25. a3 a4 26. d4 cxd4 27. cxd4 Na5
28. d5 Rb6 29. Nf3 f6 30. Nd4 Nc4 31. Re2 Bg4 32. Rc2 Ne3 33. Rc5 b4 34. Re1
Nd1 35. axb4 Nxb2 36. Nc6+ Nxc6 37. dxc6 Kc7 38. h3 Nd3 39. Re7+ Kd6 40. hxg4
1-0

[Event "FRA-chT1 0910"]
[Site "France"]
[Date "2009.10.17"]
[Round "2.6"]
[White "Lebreton, Flavien"]
[Black "Platel, Alexandre"]
[Result "0-1"]
[WhiteElo "2037"]
[BlackElo "2244"]
[PlyCount "72"]
[EventDate "2009.09.27"]
[EventType "team-match"]
[EventRounds "11"]
[EventCountry "FRA"]
[SourceDate "2009.07.26"]

1. d4 Nf6 2. c4 g6 3. Nc3 d5 4. cxd5 Nxd5 5. Bd2 Bg7 6. Nf3 O-O 7. e4 Nb6 8.
Bf4 Bg4 9. d5 c6 10. dxc6 Nxc6 11. Be2 Bxf3 12. Bxf3 Nc4 13. Qe2 Rc8 14. Qxc4
Ne5 15. Qb5 Nd3+ 16. Kf1 Nxf4 17. Rd1 Qe8 18. Qxe8 Rfxe8 19. Bg4 e6 20. g3 h5
21. gxf4 hxg4 22. Rd7 a6 23. Rg1 b5 24. Rxg4 Rc4 25. f3 Bxc3 26. bxc3 Rxc3 27.
Ke2 Ra3 28. Rd2 Kg7 29. h4 Kf6 30. e5+ Ke7 31. Rg2 Rc8 32. Kd1 Rc4 33. Rc2 Rxf3
34. Rxc4 bxc4 35. Rg4 Rf2 36. a4 c3 0-1

[Event "FRA-chT1 0910"]
[Site "France"]
[Date "2009.10.17"]
[Round "2.8"]
[White "Nadin, Stephanie"]
[Black "Houck, Veronique"]
[Result "1-0"]
[WhiteElo "1814"]
[BlackElo "1733"]
[PlyCount "97"]
[EventDate "2009.09.27"]
[EventType "team-match"]
[EventRounds "11"]
[EventCountry "FRA"]
[SourceDate "2009.07.26"]

1. d4 d5 2. c4 c6 3. Nf3 Nf6 4. g3 Bf5 5. Nc3 e6 6. cxd5 cxd5 7. Qb3 b6 8. Bg2
Be7 9. O-O O-O 10. Ne5 Ne4 11. Bf4 Bg5 12. Bxg5 Qxg5 13. Nxe4 Bxe4 14. Bxe4
dxe4 15. Rac1 Qd8 16. Rfd1 Qd5 17. Qxd5 exd5 18. Rc7 f6 19. Ng4 Na6 20. Rd7
Rfd8 21. Rxd8+ Rxd8 22. Rc1 Kf7 23. Ne3 g6 24. Rc3 Rd7 25. a3 Nc7 26. Kg2 Nb5
27. Rc2 Nxd4 28. Rd2 Nf5 29. Nxf5 gxf5 30. e3 h5 31. Rc2 Ke7 32. Kh3 Kd6 33.
Rc8 Rh7 34. b4 Kd7 35. Ra8 Kc6 36. a4 Kb7 37. Rf8 Rh6 38. b5 h4 39. Rf7+ Kb8
40. gxh4 f4 41. Rd7 fxe3 42. fxe3 Rh5 43. Kg4 Re5 44. h5 Rg5+ 45. Kh4 Kc8 46.
Rd6 Rf5 47. h6 Rf2 48. h3 Rg2 49. h7 1-0

[Event "FRA-chT1 0910"]
[Site "France"]
[Date "2009.10.17"]
[Round "2.1"]
[White "David, Alberto"]
[Black "Pietrasanta, Jeremy"]
[Result "1-0"]
[WhiteElo "2593"]
[BlackElo "2077"]
[PlyCount "43"]
[EventDate "2009.09.27"]
[EventType "team-match"]
[EventRounds "11"]
[EventCountry "FRA"]
[SourceDate "2009.07.26"]
[WhiteTeam "Lutece"]

1. e4 g6 2. d4 Bg7 3. Nc3 c6 4. f4 d5 5. e5 Nh6 6. Be2 f6 7. Be3 Nf5 8. Bf2
fxe5 9. dxe5 d4 10. Ne4 Qb6 11. Nf3 Ne3 12. Bxe3 dxe3 13. Qd4 Bf5 14. O-O-O
Qxd4 15. Rxd4 Nd7 16. Rhd1 Nb6 17. Nc5 O-O 18. Nxb7 c5 19. Nxc5 Rac8 20. b4 Kh8
21. Nh4 g5 22. Nxf5 1-0

[Event "FRA-chT1 0910"]
[Site "France"]
[Date "2009.10.17"]
[Round "2.6"]
[White "Gaudron, Fanny"]
[Black "Lamorelle, Julien"]
[Result "0-1"]
[WhiteElo "2045"]
[BlackElo "2229"]
[PlyCount "40"]
[EventDate "2009.09.27"]
[EventType "team-match"]
[EventRounds "11"]
[EventCountry "FRA"]
[SourceDate "2009.07.26"]

1. d4 Nf6 2. c4 g6 3. Nc3 Bg7 4. e3 O-O 5. Be2 d6 6. Nf3 Nbd7 7. b4 e5 8. Qb3
a5 9. bxa5 exd4 10. Nxd4 Nc5 11. Qb4 Nce4 12. Nxe4 Nxe4 13. Bf3 c5 14. Qb3
Qxa5+ 15. Kf1 Ng5 16. Nc2 Nxf3 17. gxf3 Bh3+ 18. Ke2 Bxa1 19. Nxa1 Qxa2+ 20.
Bd2 Be6 0-1

[Event "FRA-chT1 0910"]
[Site "France"]
[Date "2009.10.17"]
[Round "2.1"]
[White "Bedouin, Xavier"]
[Black "Roser, Kevin"]
[Result "1-0"]
[WhiteElo "2353"]
[BlackElo "2427"]
[PlyCount "118"]
[EventDate "2009.09.27"]
[EventType "team-match"]
[EventRounds "11"]
[EventCountry "FRA"]
[SourceDate "2009.07.26"]
[BlackTeam "Issy Les Moulineaux"]

1. e4 c5 2. c3 Nf6 3. e5 Nd5 4. Bc4 Nb6 5. Bb3 Nc6 6. Nf3 c4 7. Bc2 Qc7 8. Qe2
g5 9. Na3 g4 10. Nb5 Qb8 11. Ng5 Nxe5 12. O-O d6 13. Re1 h6 14. Ne4 Bd7 15. d4
cxd3 16. Bxd3 a6 17. Nd4 Qc7 18. Bf4 O-O-O 19. c4 Ng6 20. Be3 Na4 21. c5 dxc5
22. Rac1 e5 23. Nb3 Nf4 24. Bxf4 exf4 25. Nbxc5 Nxc5 26. b4 f3 27. Qb2 Bc6 28.
Nxc5 Bxc5 29. Rxc5 Rhe8 30. Bf5+ Kb8 31. Rcc1 Qf4 32. Qf6 Qd2 33. Qa1 Qxb4 34.
Rb1 Rxe1+ 35. Rxe1 h5 36. g3 Qa5 37. Bh7 Rd2 38. Qc1 Re2 39. Rd1 Ba4 40. Qf4+
Ka8 41. Rf1 Rxa2 42. Be4 Qb5 43. Rc1 Ka7 44. Rb1 Rb2 45. Qe3+ Ka8 46. Ra1 Bc2
47. Rc1 Qb3 48. Bxc2 Rxc2 49. Qe8+ Ka7 50. Rf1 Qc4 51. Qe3+ Qc5 52. Qd3 Rc1 53.
h4 Rxf1+ 54. Qxf1 a5 55. Qa1 Qd5 56. Qc3 Ka6 57. Qf6+ b6 58. Qe7 Qd1+ 59. Kh2
Qe2 1-0